| 000 | 00000nas 2200000za 4500 |
| 001 | 9.823887 |
| 003 | CaOODSP |
| 005 | 20221107144010 |
| 007 | cr ||||||||||| |
| 008 | 160909d19622007oncmr p oss f0###a0eng|d |
| 022 | |y1181-6732 |
| 040 | |aCaOODSP|beng |
| 041 | |aeng|afre |
| 043 | |an-cn--- |
| 086 | 1 |aCS65-004-PDF |
| 245 | 00|aExports by commodity |h[electronic resource]. |
| 246 | 13|aExports by commodities |
| 246 | 13|aExportations par marchandise|fJan. 1966-Dec. 2007 |
| 246 | 13|aExports by commodity (H.S. based).|fJan. 1988-May 1990 |
| 246 | 13|aExportations par marchandise (base du S.H.)|fJan. 1988-May 1990 |
| 246 | 13|aExportations par marchandises |
| 260 | |a[Ottawa] : |bDominion Bureau of Statistics, External Trade Division, |c1962-2008. |
| 310 | |aMonthly |
| 362 | 0 |aVol. 19, no. 1 (Jan. 1962)-v. 64, no. 12 (Dec. 2007). |
| 500 | |aDigitized edition from print [produced by Statistics Canada]. |
| 520 | |aThis publication provides detailed export trade data (quantity and value) for the current month and year-to-date by commodity and country according to the Harmonized System (H.S.) at the six-digit level and summarized data by country, section (H.S.) and province of origin. |
| 546 | |aText in English only, Jan. 1962-Dec. 1965; text in English and French, Jan. 1966-Dec. 2007. |
| 550 | |aIssued Jan. 1972-Jan. 1985 by Statistics Canada, External Trade Division; Feb. 1985-Dec. 2007 by International Trade Division. |
| 692 | 07|2gccst|aExports |
| 692 | 07|2gccst|aCommodities |
| 710 | 1 |aCanada.|bDominion Bureau of Statistics.|bExternal Trade Division. |
| 710 | 2 |aStatistics Canada.|bExternal Trade Division. |
| 710 | 1 |aCanada.|bStatistics Canada.|bInternational Trade Division. |
| 780 | 00|tExports of Canadian produce |w(CaOODSP)9.823874 |
| 792 | |tExports by commodity |efre|w(CaOODSP)9.823890 |